| 000 | 01485nam a2200373 i 4500 | ||
|---|---|---|---|
| 001 | 57384 | ||
| 003 | CO-BoRNBP | ||
| 005 | 20250625142123.0 | ||
| 007 | ta | ||
| 008 | 210722r20162022ck a b 000 jdspa | ||
| 020 | _a9789588954097 | ||
| 040 |
_aCO-BoRNBP _bspa _erda _cCO-BoRNBP |
||
| 041 | 0 | _aspa | |
| 084 | _aC UNG2 | ||
| 100 | 1 |
_aUngar, Antonio _d1974- _eautor _939067 |
|
| 245 | 1 | 0 |
_aCorazón de león _cAntonio Ungar ; ilustrado por Santiago Guevara |
| 250 |
_aPrimera edición _bPrimera reimpresión, Segundo reimpresión, Tercera reimpresión |
||
| 264 | 1 |
_aBogotá, Colombia _bBabel libros _c2016 _c2018 _c2022 _c2024 |
|
| 300 |
_a42 páginas, 6 páginas sin numerar _bilustraciones a color _c22 cm. |
||
| 336 |
_atexto _btxt _2rdacontent |
||
| 337 |
_asin mediación _bn _2rdamedia |
||
| 338 |
_avolumen _bnc _2rdacarrier |
||
| 490 | 0 | _aFrontera ilustrada | |
| 500 | _aEl material correspondiente a la dotación PNLB 2022, corresponde a la segunda reimpresión de 2022 | ||
| 521 | _aRecomendado para un público infantil mayor de 6 años | ||
| 545 | _aIncluye datos biográficos del autor e ilustrador al inicio del texto | ||
| 650 | 0 | 7 |
_aValentía _vCuentos _2LEMB _9826 |
| 650 | 0 | 7 |
_aNiños _vCuentos _2LEMB _92576 |
| 650 | 0 | 7 |
_aFantasía _vCuentos _2LEMB _91498 |
| 650 | 0 | 0 |
_aCuentos infantiles colombianos _ySiglo XX _2LEMB _92372 |
| 650 | 0 | 7 |
_aLiteratura infantil colombiana _ySiglo XX _2LEMB _9364 |
| 700 | 1 |
_aGuevara, Santiago _eilustrador _960524 |
|
| 942 |
_2loc _cBKINF |
||
| 999 |
_c57384 _d57384 |
||